Prospectiva del sector electrónico en Espana : Posibilidades de la industria espanola en el horizonte : 1975/1985
保存先:
| フォーマット: | 図書 |
|---|---|
| 言語: | Undetermined |
| 出版事項: |
Barcelona
Cámara Oficial de Comercio, Indústria y Navegación de Barcelona
1976
|
| 主題: | |
| タグ: |
タグ追加
タグなし, このレコードへの初めてのタグを付けませんか!
|
| Thư viện lưu trữ: | Trung tâm Học liệu Trường Đại học Cần Thơ |
|---|
| LEADER | 00608nam a2200169Ia 4500 | ||
|---|---|---|---|
| 001 | CTU_219683 | ||
| 008 | 210402s9999 xx 000 0 und d | ||
| 082 | |a 621.3191 | ||
| 082 | |b P966 | ||
| 245 | 0 | |a Prospectiva del sector electrónico en Espana : | |
| 245 | 0 | |b Posibilidades de la industria espanola en el horizonte : 1975/1985 | |
| 260 | |a Barcelona | ||
| 260 | |b Cámara Oficial de Comercio, Indústria y Navegación de Barcelona | ||
| 260 | |c 1976 | ||
| 650 | |a Electric utilities,Tiện ích điện | ||
| 904 | |i Tú Ngân, Trúc | ||
| 980 | |a Trung tâm Học liệu Trường Đại học Cần Thơ | ||